| 000 | 01887nam0a2200337 4500 | ||
|---|---|---|---|
| 001 | RU\NLR\BIBL_A\011912871 | ||
| 005 | 20190322111106.0 | ||
| 010 |
_a978-5-91756-104-2 _923 |
||
| 021 |
_aRU _bКН-П-18-095842 _9КН-П-18-6948 |
||
| 035 | _a(NLR Aleph) 011912871 | ||
| 035 | _a(RuMoRGB)009842499 | ||
| 090 |
_a10946909 _c10946909 |
||
| 100 | _a20190118d2018 k y0rusy50 ca | ||
| 101 | 0 | _arus | |
| 102 | _aRU | ||
| 105 | _aa|||z|||000zb | ||
| 200 | 1 |
_aПедагогические взгляды А. Корто и их актуализация в современном музыкальном образовании _eмонография _fА. Н. Ткачева _gДепартамент внутренней и кадровой политики Белгородской области, Государственное бюджетное образовательное учреждение высшего образования "Белгородский государственный институт искусств и культуры" |
|
| 210 |
_aБелгород _cБГИИК _d2018 |
||
| 215 |
_a156 с. _cил., табл. _d20 |
||
| 320 | _aБиблиогр.: с. 132-147 (214 назв.) и в подстроч. примеч. | ||
| 600 | 1 |
_aКорто _bА. Д. _f1877 - 1962 _gАльфред Дени _xПедагогические взгляды _92403470 _3RU\NLR\AUTH\6601652108 |
|
| 606 | 1 |
_aМузыкальные учебные заведения _xПреподавание _92150388 _3RU\NLR\AUTH\661599797 |
|
| 686 | 1 | _aЧ459.782.12 | |
| 686 | 1 | _aЧ459.782.3(4Фр)6-8Корто | |
| 686 | 1 | _aЩ313(4Фр)6-83Корто | |
| 700 | 1 |
_aТкачева _bА. Н. _gАнна Николаевна |
|
| 702 | 1 |
_aКорто _bА. Д. _f1877-1962 _gАльфред Дени _4570 |
|
| 942 | _cBOOK | ||
| 980 | _aNB | ||